000 00827nam a2200253 cc4500
001 000030547
003 RuMoIPM
005 20260513115744.0
008 220915s1981 ru ||||| |||| 00| 0 rus d
035 _a(RuMoBEN) 001738169
035 _a(ELAR retro) [2022] 000107342
035 _a(ELAR retro) [2022] 000126905
040 _aRuMoBEN
_brus
_ercr
041 _arus
044 _aru
080 _a510(075.8)
245 _aТ. 4, ч. 2
_cВ. И. Смирнов
250 _a6-е изд., перераб. и доп.
260 _c1981
_aМосква
_bНаука
300 _a550 c.
555 _aАлф. указ.: с. 548
773 _aСмирнов, Владимир Иванович
_tКурс высшей математики: [Учебная литература для вузов]
_w000018741
942 _cBK
999 _c30547
_d30547